Odgadnij zespół po tytule piosenki - Statystyki

Ogólne statystyki
  • Ten quiz został rozwiązany 46 razy
  • Średni wynik to 5 z 15
Statystyki odpowiedzi
Tytuł piosenki Zespół % Poprawnych
Enter Sandman Metallica
93%
T.N.T AC/DC
75%
Livin' on a Prayer Bon jovi
70%
Du Hast Rammstein
60%
Chop Suey System of A down
45%
Fear of the dark Iron maiden
40%
Ace Of Space Motorhead
30%
Winged Hussars Sabaton
28%
I hate everything about you Three days grace
15%
Hail to the king Avenged sevenfold
10%
Night crawler Judas Priest
8%
Don't Fear the Reaper Blue Oyster Cult
5%
Indestructible Disturbed
3%
Forever and One Helloween
3%
It's snows in hell Lordi
0%
Nie znaleziono quizów pasujących do podanych kryteriów
Rozkład punktacji
Procent ludzi z każdym wynikiem
Percentyl według liczby udzielonych odpowiedzi
Twoja historia wyników
Nie rozwiązałeś tego quizu